000
00317nam a22001337a 4500
008
180312b xxu||||| |||| 00| 0 eng d
020
_a
9780760707012
041
_a
eng
080
_a
030
100
_a
24
101
_a
GJU
245
_a
DICTIONARY OF PROVERBS AND THEIR ORIGINIS
_c
LINDA.R
942
_2
udc
_c
BK
999
_c
44773
_d
44773